00327nam a2200145Ia 45000030006000000080041000060400015000471000017000622450041000792500006001202600020001263000006001465460012001520050017001640STCL150530s9999 xx 000 0 und d aSTCLcSTCL aRazdan, M.K. aIntroduction to Plant Tissue Culture a2 c2008aNew Delhi a0 aEnglish20220125170325.0